000 00725nam a22001577a 4500
003 OSt
005 20151007161753.0
008 151007b xxu||||| |||| 00| 0 eng d
040 _cRUA
082 _aAVM HEN 2006 B077 Or.1
100 _92310
_aHENG SUNVY
245 _aEffeciciency of antibiotic drugs on swine salmonellosis in staung district, kampong thom province, (ប្រសិទ្ធភាពរបស់ថ្នំាអង់ទីប៊ីយ៉ូទិកទៅលើជំងឺសាល់ម៉ូណេឡូស៊ីសជ្រូក នៅស្រុកស្ទោង ខេត្តកំពង់ធំ)
260 _aphnom penh
_brua
_c2006
300 _aix, 40p.
_bill.
_c29cm.
942 _2ddc
_cAVM
999 _c2176
_d2176